| 000 | 00510nam a22001817a 4500 | ||
|---|---|---|---|
| 999 |
_c525923 _d525923 |
||
| 003 | NUST | ||
| 020 | _qHB/K | ||
| 038 | _aFaiza | ||
| 082 |
_a891.4391 _bZAF |
||
| 100 |
_aZafar, Sabir _916871 |
||
| 245 |
_aGhazal Ny Kaha / _cSabir Zafar |
||
| 260 |
_aKarachi : _bRang Adab Publications, _c2015. |
||
| 300 | _a94 p. ; | ||
| 880 |
_6100-01\r _aصابر ظفر |
||
| 880 |
_6245-02\r _aغزل نے کہا / |
||
| 880 |
_6260-03\r _aکراچی : _bرنگ ادب پبلی کیشنز, _c۲۰۱۵. |
||
| 942 |
_2ddc _cBK |
||